Három volgai kipcsak etimológia
The complicated interrelationship between the Volga Kipchak /Kazan Tatar and Bashkir/ languages on the one side and the Chuvash on the other is reflected in their respective vocabulary. In the paper the origins of three Volga Kipchak words pertaining to the religious, terminology are dealt with: Tat...
Elmentve itt :
| Szerző: | |
|---|---|
| Dokumentumtípus: | Cikk |
| Megjelent: |
1977
|
| Sorozat: | Acta Universitatis Szegediensis : sectio ethnographica et linguistica = néprajz és nyelvtudomány = étnografiâ i azykoznanie = Volkskunde und Sprachwissenschaft
21 |
| Kulcsszavak: | Kipcsak nyelvek - etimológia |
| Tárgyszavak: | |
| Online Access: | http://acta.bibl.u-szeged.hu/3600 |
| LEADER | 01541nab a2200229 i 4500 | ||
|---|---|---|---|
| 001 | acta3600 | ||
| 005 | 20220906095553.0 | ||
| 008 | 161015s1977 hu o 0|| hun d | ||
| 022 | |a 0586-3716 | ||
| 040 | |a SZTE Egyetemi Kiadványok Repozitórium |b hun | ||
| 041 | |a hun | ||
| 041 | |a eng | ||
| 100 | 2 | |a Róna-Tas András | |
| 245 | 1 | 0 | |a Három volgai kipcsak etimológia |h [elektronikus dokumentum] / |c Róna-Tas András |
| 260 | |c 1977 | ||
| 300 | |a 293-298 | ||
| 490 | 0 | |a Acta Universitatis Szegediensis : sectio ethnographica et linguistica = néprajz és nyelvtudomány = étnografiâ i azykoznanie = Volkskunde und Sprachwissenschaft |v 21 | |
| 520 | 3 | |a The complicated interrelationship between the Volga Kipchak /Kazan Tatar and Bashkir/ languages on the one side and the Chuvash on the other is reflected in their respective vocabulary. In the paper the origins of three Volga Kipchak words pertaining to the religious, terminology are dealt with: Tat., B~a»shk. izge 'saint', Tat. bütilj bötü, böti, Bashk. beteü 'amulet' and Tat. Bashk. tiire 'cross, icon'. All the three were borrowed from Volga Bulgarian and the first surely before the devolopment -r-, i.e. before the 13th century. This points to the fact that the Volga Bulgarians were in contact with Kipchak tribes prior to their migration to the Middle Volga region. | |
| 650 | 4 | |a Bölcsészettudományok | |
| 650 | 4 | |a Nyelvek és irodalom | |
| 695 | |a Kipcsak nyelvek - etimológia | ||
| 856 | 4 | 0 | |u http://acta.bibl.u-szeged.hu/3600/1/etno_lingu_021_293-298.pdf |z Dokumentum-elérés |